Регионална библиотека "Любен Каравелов" - Русе

София и балканската модерност (Запис номер 485118)

MARC детайли
000 -Лидер
Контролно поле с фиксирана дължина nam a22 a 4500
003 - Код на организацията, давaща контролен номер
Контролно поле BLK
005 - Дата и час на последна редакция
Контролно поле 20221212115509.0
008 - Елементи от данни с фиксирана дължина
fixed length control field 180407b bul|||||r ||||||| ||bul||
010 ## - Наследен системен номер
LC control number KNG00033048000
020 ## - Международен стандартен номер на книга ISBN
Международен стандартен номер на книга ISBN 9789543205400
040 ## - Източник на каталожния запис
Идентификатор на билиотеката - собственик на записа BLK
041 ## - Код за език
Код за езика на текст/звукозапис или на отделно заглавие Български
Код за езика КДБФ Български
080 ## - УДК
Текстов определител УДК История на балканските държави
УДК код - определител по УДК 94(497)
УДК - код + определител 94(497)
080 ## - УДК
Текстов определител УДК Краезнание
УДК код - определител по УДК 908
УДК определител (497-25)
УДК - код + определител 908(497-25)
100 ## - Редна дума - Автор
Автор Велинова-Тренчева, Зорница Велинова
Авторска отговорност първи автор
R(LIN) 350005
139 ## - Редно поле
Редна дума Велинова-Тренчева, Зорница Велинова и др.
Авторски знак Велин - В 40
245 10 - Сведения за заглавието
Заглавие София и балканската модерност
Подзаглавни данни Белград, София, Загреб, Любляна, Сараево, 1878-1914
Редно поле (дума) Зорница Велинова, Ивайло Начев.
260 ## - Област на издателските данни
Място на издаване, разпространение и проч. София
Име на издателя, разпространителя и проч. Рива
Година на издаване 2016
9 (RLIN) 209565
Печатница ([София] : Дайрект Сървисиз)
Издателство - префикс ISBN 978-954-320- ; 954-8440-
300 ## - Физическа характеристика
Страници 368 с.
Илюстрации и др. с ил.
Съпровождащи материали 23 см
380 ## - Жанр
Жанр История
500 ## - Общи забележки
Забележка Възприетата форма на името на авт. Зорница Велинова е Зорница Велинова Велинова-Тренчева
504 ## - Забележка за наличие на библиография и др
Забележка за наличие на библиография и под. Библиогр.: с. 365-367
650 #7 - Допълнително описание по предмет – тема
9 (RLIN) 148029
Основно описание – тема или топоним Балкански полуостров - история
653 #7 - Ключова дума – ненормативна
Ключова дума столици
9 (RLIN) 197482
700 ## - Други автори (авторска отговорност)
9 (RLIN) 350006
Лично име Начев, Ивайло Чавдаров
Автороска отговорност (Описва отношението между автора и произведението) съавт.
856 4# - Електронен адрес и достъп
Електронен формат pdf - файл
Инструкция (цена за достъп) 0.00
Права за достъп disable
856 4# - Електронен адрес и достъп
Електронен формат pdf - файл
Инструкция (цена за достъп) 0.00
Права за достъп disable
999 ## - СИСТЕМНИ КОНТРОЛНИ НОМЕРА
Koha biblionumber 485118
Koha biblioitemnumber 485118
942 ## - АРТИКУЛИ
Вид на библиотечния материал Книги
Скрит в OPAC Не
Периодичен библиозапис Да
Koha issues (borrowed), all copies 1
944 ## - СЪЗДАВАНЕ И РЕДАКЦИЯ на ЗАПИСА
Дата на регистрацията/редакция 2022-12-08
Служител, извършил регистрацията/редакцията ТД
Наличности
Код за отписване Код за изгубен артикул Източник на класификационната схема Код за повреда Коз за рестрикции Код за отдаване Артикулен № Име на библиотеката - собственик Име на библиотеката, в която се намира в момента Статус (Текущо местоположение) Дата на вписване в системата Местоположение - отдел Цена в лева Систематично азбучна сигнатура Баркод Цена в евро Служебен тип на артикула
  Не е изгубен Universal Decimal Classification Не е повреден без рестрикции заемане за дома 916717 Регионална библиотека "Любен Каравелов" Русе Регионална библиотека "Любен Каравелов" Русе Заемна - подръчен фонд 2022-12-08 Заемна - подръчен фонд 13.40 94(497)/В 40 З 120000879127 6.85 Книги
Vip Innovations Ltd, Rousse, Bulgaria 2025